| 000 | 00656nam a2200217Ia 4500 | ||
|---|---|---|---|
| 005 | 20241129104218.0 | ||
| 008 | 241129s9999||||xx |||||||||||||| ||und|| | ||
| 020 | _a9780367366247 | ||
| 037 | _aTextual | ||
| 040 |
_aRTL _beng _cRTL |
||
| 041 |
_aeng _2eng |
||
| 084 |
_aY9(W6) R! _qRTL |
||
| 100 |
_aVormann Boris; Weinman Michael D. _9725253 |
||
| 245 | 0 |
_aEmergence of illiberalism: Understanding a global phenomenon _cVormann Boris; Weinman Michael D. |
|
| 260 |
_aNew York _bRoutledge _c2021 |
||
| 300 | _axi,260p. | ||
| 365 |
_aINR _b3704.35 |
||
| 650 | _aPolitical Science | ||
| 942 |
_cTB _hY9(W6) R! |
||
| 999 |
_c1224900 _d1224900 |
||